Fußballer #1 - Statistiken

Allgemein
  • Dieses Quiz wurde 125 mal gespielt
  • Das Durchschnittsergebnis liegt bei 12 aus 16
Antwortstatistiken
Bildquiz Antwort % Korrekt
Thomas Müller
100%
Bastian Schweinsteiger
98%
Lionel Messi
97%
Jamal Musiala
94%
Franz Beckenbauer
93%
Zinédine Zidane
91%
Andrés Iniesta
87%
Mohamed Salah
84%
Andrea Pirlo
82%
James Rodríguez
81%
Kaká
75%
Hulk
74%
Bobby Charlton
55%
Roy Keane
44%
Lev Yashin
42%
Dimitar Berbatov
29%
Keine übereinstimmenden Quizze gefunden
Verteilung der Resultate
Anzahl Personen mit jedem Resultat
Perzentil nach korrekt beantworteten Fragen
Ihre Resultats-Entwicklung
Sie haben dieses Quiz noch nicht gespielt